| 000 | 00584nam a2200205Ia 4500 | ||
|---|---|---|---|
| 999 |
_c7504 _d7504 |
||
| 003 | OSt | ||
| 005 | 20200109132943.0 | ||
| 008 | 190216s9999||||xx |||||||||||||| ||und|| | ||
| 020 | _a9780070656130 | ||
| 020 | _a0070656134 | ||
| 040 | _coclc | ||
| 082 |
_a346 _bPAT/L |
||
| 100 | 1 |
_aPathak, Akhileshwar, _91109 _d1960- |
|
| 245 | 0 |
_aLegal Aspects Of Business / _cAkhileshwar Pathak |
|
| 250 | _a3rd ed. | ||
| 260 |
_bTata Mcgraw Hill, _c2008. _aNew Delhi : |
||
| 300 | _a573p | ||
| 650 |
_aCommerce _xLegal Aspects |
||
| 942 |
_cBK _2ddc _h346 _iPAT/L _k346 _mPAT/L |
||